Электропривод и автоматизация в машиностроении: межвузовский сборник научных трудов

التفاصيل البيبلوغرافية
مؤلف مشترك: Московский институт приборостроения
مؤلفون آخرون: Гуревич Б. М. (редактор), Шатерников В. Е.
اللغة:الروسية
منشور في: Москва, Изд-во МИП, 1989
الموضوعات:
التنسيق: كتاب
KOHA link:https://koha.lib.tpu.ru/cgi-bin/koha/opac-detail.pl?biblionumber=255471

MARC

LEADER 00000nam1a2200000 4500
001 255471
005 20231101233029.0
020 |a RU  |b 89-10116 
035 |a (RuTPU)RU\TPU\book\277984 
090 |a 255471 
100 |a 20140328d1989 k y0rusy5003 ca 
101 0 |a rus 
200 1 |a Электропривод и автоматизация в машиностроении  |e межвузовский сборник научных трудов  |f Московский институт приборостроения ; под ред. Б. М. Гуревича, В. Е. Шатерникова 
210 |a Москва  |c Изд-во МИП  |d 1989 
215 |a 156 с.  |c ил. 
320 |a Библиогр. в конце ст. 
606 1 |a Электроприводы  |2 stltpush  |3 (RuTPU)RU\TPU\subj\20689  |9 45775 
610 1 |a электроприводы автоматические 
610 1 |a машиностроение 
610 1 |a автоматизация 
610 1 |a асинхронные приводы 
610 1 |a датчики 
610 1 |a качество 
610 1 |a неразрушающий контроль 
675 |a 62-83-52  |z rus 
675 |a 621.002:65.011.5  |z rus 
702 1 |a Гуревич  |b Б. М.  |4 340 
702 1 |a Шатерников  |b В. Е.  |4 340 
712 0 2 |a Московский институт приборостроения  |2 stltpush  |3 (RuTPU)RU\TPU\col\17949  |9 26862 
801 0 |a RU  |b RuMRKP  |c 19950417  |g psbo 
801 1 |a RU  |b 63413507  |c 20140328 
801 2 |a RU  |b 63413507  |c 20170217  |g RCR 
942 |c BK